01144 2200433 4500001002100000005001500021035002000036007000300056008004100059020002200100082001200122084001800134100001800152245004000170250001100210260003600221300002700257520022600284990001000510990001000520990001000530990001000540990001000550990001000560990001000570990001000580990001000590990001000600990001000610990001000620990001000630990001000640990001000650990001000660990001000670990001000680990001000690990001000700INLIS00000000001001520221102105358 a0010-0921000050ta221102 g 0 ind  a978-979-007-395-1 a343.077 a343.077 ADR h0 aAdrian Sutedi1 aHukum Pertambangan /cAdrian Sutedi aCet. 2 aJakarta :bSinar Grafika,c2012 axii, 346 hlm. ;c23 cm aBuku ini membahas mengenai hukum pertambangan yang mencakup kebijakan pemerintah, kegiatan usaha minyak dan gas, tinjauan terhadap UU No. 4 tahun 2009, tinjauan kontrak hingga pajak dan royalti pada sektor minyak dan gas. a26145 a26146 a26147 a26148 a26148 a26145 a26146 a26147 a26147 a26145 a26146 a26148 a26146 a26145 a26147 a26148 a26145 a26146 a26147 a26148